[Event "ODJM C 2023"]
[Site "Willingen GER"]
[Date "2023.05.28"]
[Round "1"]
[White "Peglau, Lorena"]
[Black "Ginschel, Sophia"]
[Result "1/2-1/2"]
[Termination "normal"]
[Board "42"]
[WhiteElo "1235"]
[BlackElo "809"]
[PlyCount "68"]
[WhiteFideId "16290542"]
[BlackFideId "34660445"]
[EventCountry "GER"]
[EventRounds "9"]
[EventType "swiss"]
[EventDate "2023.05.27"]

1. d4 d5 2. Nf3 Nc6 3. Bf4 Bf5 4. e3 Nf6 5. c4 e6 6. Nc3 Bb4 7. Qb3 O-O 8. cxd5
exd5 9. Bb5 Bxc3+ 10. Qxc3 Qd7 11. Ne5 Qe6 12. Nxc6 bxc6 13. Qxc6 Qxc6 14. Bxc6
Rac8 15. O-O Rfd8 16. Rac1 Ne4 17. Bb7 Rb8 18. Bxc7 Rxb7 19. Bxd8 Rb8 20. Ba5
h6 21. b3 Rb5 22. Bc3 Rb6 23. Bb2 Rg6 24. Rfd1 Bh3 25. g3 Bg4 26. Re1 Nd2 27.
Rf1 Nxf1 28. Kxf1 Bh3+ 29. Kg1 h5 30. a4 h4 31. b4 hxg3 32. hxg3 Bg4 33. b5 Bf3
34. Rc6 Rg5 1/2-1/2

[Event "ODJM C 2023"]
[Site "Willingen GER"]
[Date "2023.05.28"]
[Round "1"]
[White "Haas, Valentina"]
[Black "Bücker, Phil"]
[Result "0-1"]
[Termination "normal"]
[Board "43"]
[WhiteElo "797"]
[BlackElo "1325"]
[PlyCount "108"]
[WhiteFideId "34660461"]
[BlackFideId "34623841"]
[EventCountry "GER"]
[EventRounds "9"]
[EventType "swiss"]
[EventDate "2023.05.27"]

1. e4 c5 2. Bc4 e6 3. Nc3 Nc6 4. Nf3 a6 5. e5 b5 6. Bd3 Qc7 7. O-O Nxe5 8. Nxe5
Qxe5 9. Re1 Qf4 10. Be4 Rb8 11. d4 Qf6 12. Re3 Qxd4 13. Bd2 Nf6 14. Bf3 Bb7 15.
Ne2 Qxb2 16. Bxb7 Rxb7 17. Rb3 Qe5 18. c4 Ng4 19. Bf4 Qf5 20. h3 Ne5 21. Bxe5
Qxe5 22. Re3 Qh5 23. Rb1 Be7 24. a4 b4 25. Qc2 Qg6 26. Qc1 Bg5 27. Rg3 Bxc1 28.
Rxg6 hxg6 29. Rxc1 Rh4 30. Ng3 Ke7 31. Kf1 Rb6 32. a5 Rd6 33. Re1 Rxc4 34. Ne4
Rd5 35. Ng3 Rc2 36. Kg1 c4 37. Nf1 Rxa5 38. Ne3 Rc3 39. Kf1 b3 40. Ke2 Ra2+ 41.
Kf3 b2 42. Ke4 Ra1 43. Rxa1 bxa1=Q 44. Kd4 Rxe3+ 45. Kxe3 Qe5+ 46. Kf3 Kf6 47.
g4 Kg5 48. h4+ Kxh4 49. g5 Kxg5 50. Kg2 Qf4 51. Kg1 Kh4 52. Kf1 Qd2 53. Kg1 Kh3
54. Kf1 Qd1# 0-1